01525nam a2200361 a 4500001001000000003000500010005001700015008004100032010001100073011001100084040000900095090001000104100004300114245015500157260004100312500006000353502006900413590003700482590004100519590004000560590004000600650003900640650004500679650004500724856001600769856007000785901000700855942001000862942000600872999001900878952013100897952013501028000113690CHAP20220329144408.0170907s2017 mx a fsm |||||||spa d a110151 a111123 cCHAP aTesis1 aCastro Valdez, Diego Francisco912872010aResiduos de plaguicidas en cabezuelas de brócoli de exportación y consumo nacional en México /h[En línea]cpor Diego Francisco Castro Valdez. aChapingo, Méx. :bEl autor,c2017. aPara ver el contenido del material haga clic en la liga aTesis (M.C. en Horticultura) -- UACH. Departamento de Fitotecnia aBATCHb00c20181121lUCH01h0759 aE11695DGDb10c20170913lUCH01h1210 aE6096MTMb05c20170907lUCH01h1421 aE6096MTMb05c20170907lUCH01h142214aBrócolixPlagasxControl.91554714aPesticidasxAspectos sanitarios.913335914aPesticidasxEfecto en brócoli.9133358 a1 n0001475 aFinding aiduhttp://10.13.5.2/tesis/sist113690.pdfzTeclea aquí aBK cTESIS n0 c110151d110151 00104054718TESISaBCbBCd2017-09-07fTESISl0oTesisp113692-10r2019-12-31 00:00:00w2019-12-31yTESISzRecien adquirido 00102local4053708TESISaBCbBCcPA_TESISd2017-09-07fTESISl0oTesisp113692-20r2019-12-31 00:00:00tc.2w2019-12-31yTESIS